Datum a čas kvízu
14.5
Celkem bodů
Celkový počet nahraných bodů na tomto kvízu bez doplňovacích otázek.
6.
Pořadí na kvízu
Konečné umístění týmu na tomto kvízu.
Zaznamenané odpovědi
| # | Otázka | Odpověď | Body | Výsledky |
|---|---|---|---|---|
| 1. | Karlovu univerzitu poprvé v hi... | Milena Králíčková | 0 | |
| 2. | Americké úřady obvinily inžený... | sendvič | 0 | |
| 3. | Dům U kamenného zvonu v Praze... | Frida Kahlo | 0 | |
| 4. | Firma Apple opět vzbudila pozo... | Čisticí hadřík. | 0 | |
| 5. | Minulý týden začal nový ročník... | Vít Krejčí | 0 | |
| 6. | Toto téma začneme manželkami k... | 1B 2D 3A 4C | 0 | |
| 7. | Přesuneme se ke Králi popu. Ja... | The Jackson 5 | 1 | |
| 8. | Kterému sportu se profesionáln... | Tenisu. | 0 | |
| 9. | Mnoho deskových her využívá kr... | Shogi | 0 | |
| 10. | V roce 2021 streamovací platfo... | Král Šamanů (Shaman King) | 0 |